00301nam a22001217a 4500020001800000040000900018082001800027100001900045110001600064245002700080260004500107650002700152 a9788120241135 cNust a621.4021bVEN aVenkanna,.K. B a.B.V, Swati aApplied Thermodynamics aNew Delhi:bPHI Learning Pvt Ltd,c2011. aApplied Thermodynamics